000 00278nam a2200109Ia 4500
008 190216s9999||||xx |||||||||||||| ||und||
100 _aAmrit Bir Tiwana
245 0 _aPractical Guide To The Internet
260 _bGalgotia Publication Pvt Ltf
_c1997
300 _a272p
942 _cBK
999 _c8615
_d8615